Statistics for WWE Champions by Year - 2020

Click here to take the quiz!

General Stats

  • This quiz has been taken 113 times
  • The average score is 56 of 91

Answer Stats

TitleDateEventWrestler% Correct
UniversalAugust 30PaybackRoman Reigns
100%
WWE ChampionshipApril 5WrestleMania 36Drew McIntyre
94%
WWE ChampionshipNovember 16RawDrew McIntyre
94%
UniversalAugust 23SummerSlamBray Wyatt
93%
UniversalApril 4WrestleMania 36Braun Strowman
90%
IntercontinentalJanuary 31SmackdownBraun Strowman
90%
UniversalFebruary 27Super ShowdownGoldberg
90%
WWE ChampionshipOctober 25Hell in a CellRandy Orton
88%
24/7January 27RawR-Truth
84%
24/7November 9RawR-Truth
84%
24/7January 18Live eventR-Truth
84%
24/7January 19Live eventR-Truth
84%
24/7November 9RawR-Truth
84%
24/7June 1RawR-Truth
84%
24/7October 5RawR-Truth
84%
24/7September 28RawR-Truth
84%
24/7April 4WWE on YouTubeR-Truth
84%
24/7September 27Clash of ChampionsR-Truth
84%
24/7June 29RawR-Truth
84%
24/7August 31RawR-Truth
84%
24/7January 17Live eventR-Truth
84%
24/7August 10RawR-Truth
84%
24/7November 22Survivor SeriesR-Truth
84%
Women's Tag TeamDecember 20TLCAsuka
83%
Raw Women'sMay 10Money in the BankAsuka
83%
Raw Women'sAugust 23SummerSlamAsuka
83%
Raw Tag TeamOctober 12RawKofi Kingston
83%
Smackdown Tag TeamOctober 9SmackdownKofi Kingston
83%
Women's Tag TeamJune 5SmackdownSasha Banks
83%
Raw Women'sJuly 27RawSasha Banks
83%
Smackdown Women'sOctober 25Hell in a CellSasha Banks
83%
Smackdown Tag TeamApril 17SmackdownBig E
82%
Smackdown Tag TeamOctober 9SmackdownXavier Woods
82%
Raw Tag TeamOctober 12RawXavier Woods
82%
IntercontinentalSeptember 27Clash of ChampionsSami Zayn
81%
IntercontinentalMarch 8Elimination ChamberSami Zayn
81%
Women's Tag TeamJune 5SmackdownBayley
80%
Women's Tag TeamDecember 20TLCCharlotte Flair
78%
Raw Tag TeamJanuary 20RawSeth Rollins
78%
Smackdown Tag TeamApril 17SmackdownKofi Kingston
77%
IntercontinentalJune 12SmackdownAJ Styles
76%
Smackdown Tag TeamFebruary 27Super ShowdownThe Miz
75%
United StatesAugust 30PaybackBobby Lashley
72%
Smackdown Tag TeamJuly 19The Horror Show at Extreme RulesShinsuke Nakamura
71%
IntercontinentalAugust 21SmackdownJeff Hardy
69%
Smackdown Tag TeamFebruary 27Super ShowdownJohn Morrison
69%
Women's Tag TeamApril 4WrestleMania 36Alexa Bliss
66%
IntercontinentalDecember 25SmackdownBig E
65%
Women's Tag TeamApril 4WrestleMania 36Nikki Cross
61%
Smackdown Tag TeamJuly 19The Horror Show at Extreme RulesCesaro
60%
Smackdown Tag TeamJuly 14RawMontez Ford
60%
Raw Tag TeamMarch 2RawMontez Ford
60%
Raw Tag TeamMarch 2RawAngelo Dawkins
59%
Smackdown Tag TeamOctober 12RawAngelo Dawkins
59%
Raw Tag TeamJanuary 20RawBuddy Murphy
57%
Women's Tag TeamAugust 30PaybackNia Jax
57%
United StatesMay 25RawApollo Crews
54%
24/7November 9RawAkira Tozawa
51%
24/7September 28RawAkira Tozawa
51%
24/7June 22RawAkira Tozawa
51%
24/7August 24RawAkira Tozawa
51%
24/7August 3RawAkira Tozawa
51%
24/7November 22Survivor SeriesAkira Tozawa
51%
Women's Tag TeamAugust 30PaybackShayna Baszler
49%
24/7January 13RawMojo Rawley
39%
24/7January 18Live eventMojo Rawley
39%
24/7January 19Live eventMojo Rawley
39%
24/7April 4WrestleMania 36Mojo Rawley
39%
24/7January 17Live eventMojo Rawley
39%
24/7January 27RawMojo Rawley
39%
24/7April 5WrestleMania 36Rob Gronkowski
39%
Raw Tag TeamDecember 20TLCShelton Benjamin
37%
Raw Tag TeamDecember 20TLCCedric Alexander
36%
24/7August 17RawShelton Benjamin
36%
24/7July 20RawShelton Benjamin
36%
24/7August 17RawShelton Benjamin
36%
24/7August 17RawCedric Alexander
35%
24/7November 2RawDrew Gulak
24%
24/7October 5RawDrew Gulak
24%
24/7November 9RawDrew Gulak
24%
24/7November 9RawDrew Gulak
24%
24/7September 28RawDrew Gulak
24%
24/7September 27Clash of ChampionsDrew Gulak
24%
24/7November 9RawErik
22%
24/7December 31TikTok's New Year's Eve PartyAngel Garza
17%
24/7February 10RawRiddick Moss
17%
24/7November 9RawTucker
17%
24/7November 9RawTucker
17%
24/7November 9RawLince Dorado
13%
24/7November 9RawGran Metalik
10%
24/7November 22Survivor Series: KickoffThe Gobbledy Gooker
10%

Score Distribution

Percentile by Number Answered

Percent of People with Each Score

Your Score History

You have not taken this quiz